000 00853cam a2200265 i 4500
001 17521717
005 20170105102353.0
008 121107s2012 enka 001 0 eng
010 _a 2012494430
020 _a9781408515372 (pbk.)
020 _a1408515377 (pbk.)
040 _aDLC
_beng
_cDLC
_erda
042 _apcc
050 0 0 _aTL272.5
_b.H47 2012
082 0 0 _a629.2549
_219
100 1 _aHillier, V. A. W.
_q(Victor Albert Walter)
245 1 0 _aHillier's fundamentals of automotive electronics.
_cV.A.W. Hillier
250 _aSixth edition.
300 _a354 pages :
_billustrations (some color) ;
_c27 cm
500 _aIncludes index.
650 0 _aAutomobiles
_xElectronic equipment.
906 _a7
_bcbc
_corigres
_d2
_encip
_f20
_gy-gencatlg
942 _2ddc
_cBK
999 _c12004
_d12004